000 00985nam a2200253Ia 4500
999 _c5690
_d5690
003 OSt
005 20200612113617.0
008 191128s1975 mx gr 000 0 spa d
040 _aCO-JMCR
_cCO-JMCR
041 0 _aspa
082 0 4 _a330.124 /
_bC387i
_223
100 1 _aCeceña Cervantes, José Luis,
_eautor
_95550
245 1 0 _aIntroducción a la economía política de la planificación económica nacional /
_cJosé Luis Ceceña Cervantes
250 _aPrimera edición
260 _aMéxico :
_bFondo de Cultura Económica,
_c1975.
300 _a167 páginas ;
_c20 cm.
490 0 _aSección de obras de economía
500 _aIncluye apéndices.
505 _aDesarrollo económico y planificación -- Sistema integrado de planificación económica nacional -- Transformación cualitativa de una economía planificada
650 1 4 _aPlanificación económica
_93241
650 2 4 _aPolítica económica
_95551
650 2 4 _a Economía política
_95552
942 _2ddc
_cBK